Normal view
MARC view
- Alponte, Juan María,
Entry Nombre Personal
001 - NUMERO DE CONTROL
- campo de control: 32583
003 - IDENTIFICADOR DE NUMERO DE CONTROL
- campo de control: UPN
005 - FECHA Y HORA DE LA ÜLTIMA TRANSACCIÓN
- campo de control: 20210219194434.0
008 - DATOS DE LONGITUD FIJA
- campo de control de longitud fija: nabaccnnaabn|||||||||| b |nc|||||d
035 ## - NUMERO DE CONTROL
- Número de control: UPN11000004690
040 ## - FUENTE DE CATALOGACIÓN
- Lenguaje de catalogación: SPA
- Agencia de transcripción: UPN
100 1# - ENCABEZAMIENTO - NOMBRE PERSONAL
- Nombre personal: Alponte, Juan María,
- Fechas asociadas con el nombre: 1934-
670 ## - FUENTE EN LA QUE SE LOCALIZARON DATOS
- Cita de la fuente: T
- Uniform Resource Identifier: http://www.lainsignia.org/2003/abril/cul_050.htm
680 ## - NOTA PUBLICA DE ACCESO PÚBLICO
- Frase explicativa de la referencia: Nació en España, profesor de tiempo completo en la Facultad de Ciencias Políticas y Sociales de la UNAM
902 ## - CATALOGADOR
- Catalogador: BDV/260912
